[Event "COL-chT (Women)"]
[Site "Ibague"]
[Date "2018.10.13"]
[Round "5.2"]
[White "Velasco Porras, Luz Mariela"]
[Black "Ramirez Penaranda, Diana"]
[Result "0-1"]
[WhiteElo "1660"]
[BlackElo "1612"]
[PlyCount "62"]
[EventDate "2018.10.11"]
[EventType "team-swiss"]
[EventRounds "6"]
[EventCountry "COL"]
[SourceTitle "CBM 186 Extra"]
[Source "ChessBase"]
[SourceDate "2018.08.24"]
[SourceVersion "1"]
[SourceVersionDate "2018.08.24"]
[SourceQuality "1"]
[WhiteTeam "Boyaca (W)"]
[BlackTeam "Norte de Santander (W)"]
[WhiteTeamCountry "COL"]
[BlackTeamCountry "COL"]

1. d4 d5 2. Nf3 e6 3. g3 Bd6 4. c4 c6 5. Bg2 f5 6. Nc3 Nd7 7. cxd5 exd5 8. 0-0 Ngf6 9. Bg5 0-0 10. a3 h6 11. Be3 Qe7 12. b4 Ne4 13. Rc1 g5 14. Qd3 Rf7 15. b5 Bxa3 16. Rc2 a5 17. bxc6 bxc6 18. Nb1 Bb4 19. Rxc6 Rf6 20. Qc2 Ba6 21. Rxf6 Qxf6 22. Qc7 Qe6 23. Nbd2 Rc8 24. Qa7 Bxe2 25. Rb1 Qc6 26. Ne5 Nxe5 27. dxe5 Nxd2 28. Ra1 Nf3+ 29. Kh1 Ra8 30. Rc1 Qxc1+ 31. Bxc1 Rxa7 0-1

[Event "COL-chT (Women)"]
[Site "Ibague"]
[Date "2018.10.11"]
[Round "1.2"]
[White "Rocha, Angelly"]
[Black "Velasco Porras, Luz Mariela"]
[Result "1-0"]
[WhiteElo "1357"]
[BlackElo "1660"]
[PlyCount "65"]
[EventDate "2018.10.11"]
[EventType "team-swiss"]
[EventRounds "6"]
[EventCountry "COL"]
[SourceTitle "CBM 186 Extra"]
[Source "ChessBase"]
[SourceDate "2018.08.24"]
[SourceVersion "1"]
[SourceVersionDate "2018.08.24"]
[SourceQuality "1"]
[WhiteTeam "Magdalena (W)"]
[BlackTeam "Boyaca (W)"]
[WhiteTeamCountry "COL"]
[BlackTeamCountry "COL"]

1. e4 c5 2. d4 cxd4 3. Qxd4 Nc6 4. Qd1 e5 5. Bc4 Nf6 6. Nc3 Be7 7. Nf3 0-0 8. 0-0 d6 9. h3 a6 10. Bg5 b5 11. Bxf6 bxc4 12. Bxe7 Nxe7 13. Nd5 Nxd5 14. Qxd5 Be6 15. Qd2 Qb6 16. c3 f5 17. Ng5 Bc8 18. Qd5+ Kh8 19. Qxa8 h6 20. Nf3 fxe4 21. Qxe4 Rf4 22. Qc2 Bb7 23. Rae1 Qc6 24. Re3 Qe8 25. Nh2 g5 26. f3 Qf8 27. b3 Qf7 28. bxc4 Rxc4 29. Rb1 Rc7 30. Ng4 Qg7 31. Rb6 h5 32. Rxd6 hxg4 33. Rd8+ 1-0

[Event "COL-ch U1800"]
[Site "Moniquira"]
[Date "2018.07.19"]
[Round "1"]
[White "Cotes Ontibon, Anibal Santiago"]
[Black "Velasco Porras, Luz Mariela"]
[Result "0-1"]
[WhiteElo "1382"]
[BlackElo "1700"]
[PlyCount "42"]
[EventDate "2018.07.19"]
[EventType "swiss"]
[EventRounds "7"]
[EventCountry "COL"]
[SourceTitle "CBM 187 Extra"]
[Source "ChessBase"]
[SourceDate "2018.11.04"]
[SourceVersion "1"]
[SourceVersionDate "2018.11.04"]
[SourceQuality "1"]

1. e4 c5 2. Nf3 e6 3. d4 cxd4 4. Nxd4 a6 5. Nc3 Qc7 6. Bd3 Nf6 7. Qe2 d6 8. f4 e5 9. Nf3 Be7 10. Bd2 Bg4 11. h3 Bxf3 12. Qxf3 Nc6 13. 0-0-0 Nd4 14. Qf2 b5 15. Be3 Ne6 16. Nd5 Nxd5 17. exd5 exf4 18. Bxf4 Nxf4 19. Qxf4 0-0 20. Bc4 Qxc4 21. Qxc4 bxc4 0-1